000 00627nam a2200169 a 4500
008 150817s2001 ||||||||||||||||| || u
020 _a9780130196781
050 _aQP 34.5 Smi
100 _aSmith, Robert R
245 1 0 _aFundamentals of anatomy and physiology.(5th ed.)
_cby Robert R. Smith
250 _a5th ed.
260 _aUnited States of America
_bPrentice Hall
_c2001
300 _a613p.
350 _a41.05
650 _aPHYSIOLOGY
995 _aMEDICAL LIBRARY OPEN ACCESS
_e903068
_FCBU-SCHOOL OF MEDICINE LIBRARY (Ndola)
_I41.05
_jQP 34.5 Smi
_M1
_UAVAILABLE
_WSep 4, 2015
_y903068
_ZMedical Library Open Access Collection
999 _c31476
_d31476